000 00884nam a2200277 i 4500
003 EG-GICUC
005 20260210075115.0
008 260210s1987 ua ||||fr|||| 000 0 ara d
040 _a EG-GICUC
_bara
_c EG-GICUC
_d EG-GICUC
_erda
041 0 _aara
082 0 4 _221
_a341.73060
_bاف
092 0 4 _221
099 _aLaw1 12 341.73060 اف 1987
245 0 0 _aافريقيا قضايا السلم والامن.
264 _aموسكو :
_bدار التقدم،
_c[1987].
300 _aصفحة
_c24 سم
336 _2rda content
_atext
337 _2rda media
_aComputer
338 _2rda carrier
_aOnline Resource
504 _aيشتمل على إرجاعات ببليوجرافية.
650 1 0 _aالسلم في افريقيا
_2qrmak
651 1 _2qrmak
856 4 0 _uhttps://fll.law.cu.edu.eg/fulltext/bks/B11-04423.pdf
905 _a78
942 _2ddc
_cBK
_e21
_n0
999 _c62347
_d62347